Linear and nonlinear models for the analysis of repeated measurements /

Guardado en:
Autor Principal: Vonesh, Edward F., 1952-
Otros Autores: Chinchilli, Vernon M., 1952-
Formato: Libro
Idioma:English
Publicado: New York : Marcel Dekker, c1997.
Series:Statistics: textbooks and monographs ; v. 154
Etiquetas: Agregar Etiqueta
Sin Etiquetas, Sea el primero en etiquetar este registro!
LEADER 00933nam a22001935a 4500
001 MAT.inmabb000074
008 960827s1997####nyua#####b####001#0#eng##
005 20170504123533.0
245 1 0 |a Linear and nonlinear models for the analysis of repeated measurements /  |c Edward F. Vonesh, Vernon M. Chinchilli. 
260 |a New York :  |b Marcel Dekker,  |c c1997. 
300 |a xii, 560 p. ;  |c 24 cm. +  |e 1 diskette (3 1/2 in.) 
440 0 |a Statistics: textbooks and monographs ;  |v v. 154 
538 |a System requirements for accompanying computer disk: Program written using SAS, tested on IBM PS/2; may run on any PC or mainframe under DOS, Windows, or OS/2 with access to SAS. 
504 |a Includes bibliographical references (p. 523-546) and indexes. 
020 |a 0824782488 
100 1 |a Vonesh, Edward F.,  |d 1952- 
700 1 |a Chinchilli, Vernon M.,  |d 1952- 
084 |a 62-01 (62H99 62J02 62J05 62J10)  |2 MR 
859 |h 62  |i V946  |p A-7772  |b BIB. MATEMATICA